Top 32 NCAA basketball teams by Instagram followers - Statistics

General Stats
  • This quiz has been taken 47 times
  • The average score is 22 of 32
Answer Stats
Hint Answer % Correct
1.4m Duke
100%
553k North Carolina
95%
234k UCLA
90%
174k Indiana
86%
298k Kansas
86%
534k Kentucky
86%
205k Ohio state
86%
158k Alabama
81%
104k Florida
81%
205k Michigan
81%
121k Texas
81%
223k Michigan State
76%
164k USC
71%
137k Arizona
67%
111k Illinois
67%
93.1k Oklahoma
67%
111k Oregon
67%
141k Purdue
67%
128k UConn
67%
94k Iowa
62%
126k LSU
62%
142k Villanova
62%
153k Auburn
57%
140k Syracuse
57%
115k Texas Tech
57%
139k Gonzaga
52%
98k Miami
52%
192k Tennessee
52%
187k Wisconsin
52%
167k Arkansas
48%
96k West Virginia
33%
96k Memphis
29%
No matching quizzes found
Score Distribution
Percent of People with Each Score
Percentile by Number Answered
Your Score History
You have not taken this quiz